[Event "AUTO-INT-2367"]
[Site "http://www.queenalice.com/game.php?id=1077798"]
[Date "2012.6.30"]
[Round "1"]
[White "kowada"]
[Black "vinoseco"]
[Result "1-0"]
[WhiteElo "1353"]
[BlackElo "1458"]

1. e4 e5 2. Bc4 d6 3. d3 Nc6 4. Nh3 Bxh3 5. gxh3 Qd7 6. Qf3 f6 7. Nc3 Nd4 8. Qd1
Qxh3 9. Bd5 c6 10. Bxg8 Rxg8 11. Be3 Nf3+ 12. Ke2 g5 13. Qf1 Qxf1+ 14. Raxf1 g4
15. h3 Nh4 16. hxg4 Rxg4 17. f3 Rg2+ 18. Kd1 Ng6 19. Rxh7 O-O-O 20. Bxa7 b5 21.
Bb6 Re8 22. Rc7+ Kb8 23. Rf7 Re6 24. Bd8 Nh8 25. Rxf8 Ng6 26. Rg8 Kc8 27. Bxf6+
Kd7 28. Bd8 b4 29. Na4 Re8 30. Rxe8 Kxe8 31. Ba5 c5 32. Nb6 Nf4 33. Nc8 Kd7 34.
Na7 Rg8 35. Rh1 Ra8 36. Rh7+ Ke6 37. a3 b3 38. Bd2 Ng6 39. cxb3 Nf8 40. Rg7 Rb8
41. Bg5 Rxb3 42. Re7# 1-0

[Event "AUTO-INT-2367"]
[Site "http://www.queenalice.com/game.php?id=1077799"]
[Date "2012.6.30"]
[Round "1"]
[White "vinoseco"]
[Black "kowada"]
[Result "1-0"]
[WhiteElo "1489"]
[BlackElo "1375"]

1. e4 e5 2. Nc3 Bc5 3. Qh5 d6 4. Bc4 g6 5. Qf3 Nh6 6. d3 g5 7. h4 Bg4 8. Bxf7+
Nxf7 9. Qxg4 gxh4 10. Qg7 Rg8 11. Qxg8+ Kd7 12. Qxf7+ 1-0

[Event "AUTO-INT-2367"]
[Site "http://www.queenalice.com/game.php?id=1077800"]
[Date "2012.6.30"]
[Round "1"]
[White "kowada"]
[Black "chess60"]
[Result "1-0"]
[WhiteElo "1433"]
[BlackElo "1566"]

1. e4 c5 2. Bc4 e6 3. Nf3 d6 4. Bb5+ Bd7 5. Qe2 a6 6. Bxd7+ Nxd7 7. O-O Ngf6 8.
d3 Be7 9. Ng5 Qc7 10. Qf3 h6 11. Qh3 Ng8 12. Nf3 Ne5 13. Nxe5 dxe5 14. Qg3 g6
15. c4 O-O-O 16. Nc3 Nf6 17. Qh3 Ng8 18. Rd1 b6 19. a4 g5 20. Qh5 Bd6 21. b3 Nf6
22. Qf3 Be7 23. Ne2 g4 24. Qg3 a5 25. Qh4 Rdg8 26. Bxh6 Nd7 27. Qh5 Rh7 28. h3
Nf6 29. Qh4 Nxe4 30. Qh5 Rg6 31. Qxg4 Rxg4 32. hxg4 Rxh6 33. dxe4 Rg6 34. f3 Bh4
35. Rd2 Bg5 36. Rad1 Bxd2 37. Rxd2 Qe7 38. Ng3 Qh4 39. Kf2 Qh2 40. Rd1 Qh6 41.
Rh1 Qd2+ 42. Ne2 Rh6 43. Rb1 f5 44. exf5 Qd3 45. Re1 Qxb3 46. g5 Rh5 47. g4 Rh2+
48. Kg3 Rh8 49. f6 Rf8 50. Ng1 Kd7 51. Rxe5 Qxc4 52. Ne2 Qxa4 53. Nf4 Kd6 54.
Rxe6+ Kc7 55. g6 Qc6 56. g7 Qa8 57. Ng6 Rf7 58. Nh8 Qg8 59. Nxf7 Qxf7 60. Re7+
Qxe7 61. fxe7 Kd7 62. g8=Q Kxe7 63. Qb3 Kd6 64. Qxb6+ Kd5 65. Qxa5 Kc4 66. Qa4+
Kd5 67. Qc2 c4 68. g5 Ke6 69. Qxc4+ Kd6 70. Qe4 1-0

[Event "AUTO-INT-2367"]
[Site "http://www.queenalice.com/game.php?id=1077801"]
[Date "2012.6.30"]
[Round "1"]
[White "chess60"]
[Black "kowada"]
[Result "0-1"]
[WhiteElo "1647"]
[BlackElo "1389"]

1. Nf3 d5 2. c4 dxc4 3. Na3 Be6 4. Ng5 Qd5 5. Qa4+ Bd7 6. Qxc4 Qxg5 7. d4 Qf6 8.
Qxc7 Bc6 9. Qe5 Qxe5 10. dxe5 e6 11. Bd2 Nd7 12. Nc4 Nh6 13. Bxh6 gxh6 14. O-O-O
Ba4 15. b3 Bb5 16. e4 Bxc4 17. bxc4 Nxe5 18. f3 Ba3+ 19. Kb1 O-O 20. Rd7 Nxd7
21. Bd3 Ne5 22. Rd1 Rac8 23. Kc2 Rfd8 24. Kb3 Rxd3+ 25. Rxd3 Nxd3 26. Kxa3 Rxc4
27. Kb3 b5 28. a4 Nc1+ 29. Ka3 bxa4 30. h4 h5 31. g4 hxg4 32. fxg4 Rxe4 33. Kb2
Ne2 34. Kc2 Rxg4 35. Kd2 Ng3 36. Kc3 a3 37. Kb3 Rxh4 38. Kxa3 Rd4 39. Kb3 a5 40.
Ka3 h5 41. Kb3 h4 42. Kc3 Ne2+ 43. Kb3 h3 44. Kc2 h2 45. Kb2 h1=Q 46. Ka3 Qa1+
47. Kb3 a4+ 48. Kc2 Qc3+ 49. Kb1 a3 50. Ka2 Qb2# 0-1

[Event "AUTO-INT-2399"]
[Site "http://www.queenalice.com/game.php?id=1089901"]
[Date "2012.8.3"]
[Round "1"]
[White "angelonuffer"]
[Black "kowada"]
[Result "0-1"]
[WhiteElo "1420"]
[BlackElo "1518"]

1. e4 e5 2. Nf3 Nc6 3. d4 exd4 4. Nxd4 Bb4+ 5. c3 Bc5 6. Bb5 Nxd4 7. cxd4 Bb4+
8. Nc3 Qh4 9. O-O Nf6 10. e5 Ng4 11. Nd5 Qxh2# 0-1

[Event "AUTO-INT-2399"]
[Site "http://www.queenalice.com/game.php?id=1089902"]
[Date "2012.8.3"]
[Round "1"]
[White "kowada"]
[Black "angelonuffer"]
[Result "1-0"]
[WhiteElo "1551"]
[BlackElo "1315"]

1. e4 e5 2. Bc4 d6 3. Qh5 g6 4. Qf3 Nf6 5. d3 Nc6 6. Bg5 Be7 7. Bh6 Nd4 8. Qd1
b5 9. Bb3 Ng4 10. Bd5 c6 11. Bxc6+ Nxc6 12. Bd2 Nd4 13. Na3 O-O 14. c3 Qb6 15.
f3 1-0

[Event "AUTO-INT-2399"]
[Site "http://www.queenalice.com/game.php?id=1089917"]
[Date "2012.8.3"]
[Round "1"]
[White "kowada"]
[Black "tango2011"]
[Result "1-0"]
[WhiteElo "1502"]
[BlackElo "1412"]

1. e4 c5 2. Bc4 e6 3. d3 Be7 4. Bf4 d6 5. Qg4 g6 6. Qe2 Bg5 7. Qf3 Qf6 8. Bxg5
Qxg5 9. Nc3 Nc6 10. Nb5 Qe7 11. Nh3 a6 12. Nc3 Nd4 13. Qd1 e5 14. Nd5 Qd7 15.
Nb6 Qc7 16. Nxa8 Bxh3 17. Nxc7+ 1-0

[Event "AUTO-INT-2399"]
[Site "http://www.queenalice.com/game.php?id=1089918"]
[Date "2012.8.3"]
[Round "1"]
[White "tango2011"]
[Black "kowada"]
[Result "0-1"]
[WhiteElo "1404"]
[BlackElo "1532"]

1. d4 d5 2. e3 Nf6 3. Nf3 Bf5 4. Bd3 Ne4 5. O-O e6 6. Bxe4 dxe4 7. Ne5 Bd6 8.
Nc4 O-O 9. b3 Qh4 10. g3 Qh3 11. f4 exf3 12. Qxf3 Bxc2 13. Nxd6 cxd6 14. Qxb7
Bd3 15. Rf2 Na6 16. Qf3 Nb4 17. Na3 Rac8 18. Bd2 d5 19. Bxb4 Be4 20. Qxe4 dxe4
21. Bxf8 Kxf8 22. Nc4 Qg4 23. Rf4 Qg6 24. Ne5 Qg5 25. Nxf7 Qe7 26. Nd6+ Kg8 27.
Nxc8 Qc7 28. Nxa7 Qxa7 29. Rxe4 Qa6 30. a4 h6 31. Rc1 Qb6 32. Rc8+ Kh7 33. Rc3
Qb4 34. Rc6 Qxb3 35. Rexe6 Qxa4 36. Rc7 Qa1+ 37. Kg2 Qa2+ 38. Kh3 Qxe6+ 0-1

[Event "AUTO-INT-2367"]
[Site "http://www.queenalice.com/game.php?id=1141445"]
[Date "2013.1.17"]
[Round "2"]
[White "kowada"]
[Black "sioux"]
[Result "1-0"]
[WhiteElo "1592"]
[BlackElo "1589"]

1. e4 e5 2. Bc4 Nf6 3. d3 Bc5 4. Nf3 Ng4 5. Be3 Bxe3 6. fxe3 Nxe3 7. Qd2 Nxc4 8.
dxc4 d6 9. Nc3 Bg4 10. O-O-O c5 11. Nb5 O-O 12. Nxd6 Qxd6 13. Qxd6 Nc6 14. Qxc5
Rfe8 15. Rd7 Reb8 16. Rd5 Be6 17. Rd6 a6 18. Ng5 Bg4 19. Qf2 f6 20. h3 Bh5 21.
Qh4 g6 22. Ne6 Kf7 23. Nc7 Ra7 24. Qxf6+ Kg8 25. Rd7 Rf8 26. Qg7# 1-0

[Event "AUTO-INT-2367"]
[Site "http://www.queenalice.com/game.php?id=1141446"]
[Date "2013.1.17"]
[Round "2"]
[White "sioux"]
[Black "kowada"]
[Result "0-1"]
[WhiteElo "1647"]
[BlackElo "1608"]

1. e4 e5 2. Nc3 Bc5 3. Bc4 Qf6 4. Nf3 d6 5. a3 Bg4 6. b4 Bxf3 7. Qxf3 Qxf3 8.
gxf3 Bd4 9. O-O Nf6 10. Ne2 Bxa1 11. d3 Nc6 12. Ng3 Nd4 13. Kg2 Nxc2 14. Nf5 Nh5
15. Kh1 O-O-O 16. Bxf7 Rhf8 17. Bxh5 g6 18. Bh6 Rf7 19. Bg5 gxh5 20. Bxd8 Kxd8
21. Rg1 d5 22. a4 dxe4 23. dxe4 Bd4 24. Rd1 Rd7 25. Rd2 Nxb4 26. Kg2 Bc3 27. Re2
Rd2 28. Re3 Bd4 29. Nxd4 exd4 30. Re1 Nd3 31. Rf1 h4 32. h3 a5 33. Kg1 c5 34.
Rb1 Kc7 35. Rb5 b6 36. Rb3 c4 37. Rb1 c3 38. f4 c2 39. Ra1 Rd1+ 0-1

[Event "IV Open UFRJ"]
[Site "http://www.queenalice.com/game.php?id=1186051"]
[Date "2013.5.30"]
[Round "3"]
[White "fabianoo"]
[Black "kowada"]
[Result "1/2-1/2"]
[WhiteElo "1929"]
[BlackElo "1643"]

1. e4 e5 2. Nf3 Qf6 3. Bc4 Bc5 4. Nc3 d6 5. Nd5 Qg6 6. Qe2 Kd8 7. d3 Bg4 8. Bd2
Nc6 9. h3 Nd4 10. Qd1 Bxf3 11. gxf3 Qg2 12. Rf1 Qxh3 13. c3 Nxf3+ 14. Ke2 Nh2
15. Be3 Bxe3 16. Nxe3 Nxf1 17. Nxf1 Nh6 18. Kd2 1/2-1/2

[Event "IV Open UFRJ"]
[Site "http://www.queenalice.com/game.php?id=1216149"]
[Date "2013.9.11"]
[Round "4"]
[White "kowada"]
[Black "igorframos"]
[Result "1-0"]
[WhiteElo "1654"]
[BlackElo "1399"]

1. e4 e5 2. Bc4 Nc6 3. Bd5 Nf6 4. Nc3 Bc5 5. Nh3 O-O 6. d3 d6 7. Qf3 Bxh3 8.
Qxh3 Nd4 9. Bb3 a5 10. a4 Nxb3 11. cxb3 c6 12. Qg3 Nh5 13. Qg4 Nf4 14. Bxf4 exf4
15. Qxf4 d5 16. O-O d4 17. Ne2 Bd6 18. e5 Bc7 19. Nxd4 c5 20. Nf5 Qxd3 21. Rac1
g6 22. Ne7+ Kg7 23. Rc3 Qd4 24. Qf6+ 1-0